000 00939nas a2200301 4500
001 BR0804420
003 BR-BrBNA
005 20231205111809.0
007 ta
008 230509b bl.|||p| |||| 00| 00por d
040 _aBR-BrBNA
_bpor
_cBiblioteca Nacional de Agricultura
041 _a(Pt)
072 _aF01; H20
100 1 _aBaptista, M.J.
100 1 _aLopes, C.A.
100 1 _aSouza, R.B. de
100 1 _aFurumoto, O.
245 1 _aEfeito da solarização e biofumigação, durante o outono, na incidência de murcha-bacteriana e produtividade da batata
650 _aDOENÇA DE PLANTA
650 _aPRODUTIVIDADE
650 _aMURCHA BACTERIANA
650 _aCONTROLE INTEGRADO
650 _aBATATA
650 _aCONTROLE FISICO
773 0 _tHorticultura Brasileira (Brazil)
_xISSN 0102-0536
_g(Jan-Mar 2006), v. 24(1) p. 99-102
_wBR0804420
909 _a202311
_bLúcia
_c55
_dLúcia Elande
942 _2AGRIS
_n0
_cANA
999 _c194523
_d194523